[Event "Soviet zonal"]
[Site "Lvov URS"]
[Date "1978.04.??"]
[Round "1"]
[White "Kochiev, Alexander"]
[Black "Romanishin, Oleg"]
[Result "1/2-1/2"]
[WhiteElo "2555"]
[BlackElo "2610"]
[EventDate "1978.04.04"]
[PlyCount "46"]

1.e4 e5 2.Nf3 Nc6 3.Bb5 a6 4.Ba4 Nf6 5.d4 exd4 6.O-O Be7 7.Re1 O-O 8.e5 
Ne8 9.c3 dxc3 10.Nxc3 d6 11.exd6 Nxd6 12.Nd5 Be6 13.Bxc6 bxc6 14.Nxe7+ 
Qxe7 15.Nd4 Qf6 16.Nxe6 fxe6 17.Qe2 e5 18.Be3 Nf5 19.Bc5 Rfe8 20.Rac1 Qe6 
21.Rc4 Qd5 22.b3 Rad8 23.f3 Qf7 1/2-1/2

[Event "Soviet zonal"]
[Site "Lvov URS"]
[Date "1978.04.??"]
[Round "2"]
[White "Dorfman, Iosif"]
[Black "Vaganian, Rafael"]
[Result "1/2-1/2"]
[WhiteElo "2550"]
[BlackElo "2570"]
[EventDate "1978.04.04"]
[PlyCount "53"]

1.c4 e6 2.d4 d5 3.Nf3 Nf6 4.Bg5 Be7 5.Nc3 h6 6.Bh4 O-O 7.Rc1 b6 8.cxd5 
exd5 9.e3 Bb7 10.Be2 Nbd7 11.O-O c5 12.Ne5 Nxe5 13.dxe5 Ne8 14.Bg3 Nc7 15.
Qb3 Qc8 16.Rfd1 Rd8 17.h3 Bc6 18.Bf3 Qb7 19.Rd2 b5 20.Rcd1 a5 21.Qc2 a4 
22.Ne2 Ne6 23.Nf4 Nxf4 24.Bxf4 a3 25.b3 c4 26.bxc4 bxc4 27.Rb1 1/2-1/2

[Event "Soviet zonal"]
[Site "Lvov URS"]
[Date "1978.04.??"]
[Round "2"]
[White "Sveshnikov, Evgeny"]
[Black "Balashov, Yury"]
[Result "1/2-1/2"]
[WhiteElo "2565"]
[BlackElo "2590"]
[EventDate "1978.04.04"]
[PlyCount "51"]

1.e4 c5 2.c3 e6 3.d4 d5 4.e5 Nc6 5.Nf3 Bd7 6.dxc5 Bxc5 7.Bd3 Nge7 8.b4 Bb6
9.b5 Na5 10.O-O Rc8 11.a4 Ng6 12.Ba3 Bc5 13.Bxc5 Rxc5 14.g3 Qc7 15.Re1 Nc4
16.Qe2 O-O 17.h4 f6 18.Bxg6 hxg6 19.exf6 Rxf6 20.Nd4 Nd6 21.Nb3 Rc4 22.
N1d2 Rxc3 23.Rac1 Rf8 24.Qe5 Rxc1 25.Rxc1 Qb6 26.Nc5 1/2-1/2

[Event "Soviet zonal"]
[Site "Lvov URS"]
[Date "1978.04.??"]
[Round "2"]
[White "Tukmakov, Vladimir"]
[Black "Kochiev, Alexander"]
[Result "1/2-1/2"]
[WhiteElo "2560"]
[BlackElo "2555"]
[EventDate "1978.04.04"]
[PlyCount "37"]

1.Nf3 Nf6 2.c4 e6 3.d4 b6 4.g3 Bb7 5.Bg2 Be7 6.O-O O-O 7.Nc3 d5 8.cxd5 
exd5 9.Bf4 Na6 10.Rc1 c5 11.dxc5 bxc5 12.Ne5 Rb8 13.Nd3 Rc8 14.Be5 Qd7 15.
Qa4 Qxa4 16.Nxa4 Nd7 17.Bf4 Nb6 18.Nc3 g5 19.Bd2 1/2-1/2

[Event "Soviet zonal"]
[Site "Lvov URS"]
[Date "1978.04.??"]
[Round "3"]
[White "Geller, Efim"]
[Black "Romanishin, Oleg"]
[Result "1/2-1/2"]
[WhiteElo "2590"]
[BlackElo "2610"]
[EventDate "1978.04.04"]
[PlyCount "104"]

1.e4 e5 2.Nf3 Nc6 3.Bb5 a6 4.Ba4 Nf6 5.O-O Be7 6.Re1 b5 7.Bb3 d6 8.c3 O-O 
9.h3 Na5 10.Bc2 c5 11.d4 Nc6 12.Nbd2 cxd4 13.cxd4 exd4 14.Nb3 d3 15.Bxd3 
Bb7 16.Bd2 Re8 17.a4 Bf8 18.axb5 axb5 19.Rxa8 Bxa8 20.Bg5 h6 21.Bxf6 Qxf6 
22.Bxb5 Qxb2 23.Nbd4 Rc8 24.Qc1 Qxc1 25.Rxc1 Na7 26.Rxc8 Nxc8 27.Bc6 Bxc6 
28.Nxc6 Nb6 29.Kf1 g6 30.Nfd4 Bg7 31.Nb5 Nc4 32.Ke2 Kf8 33.Nc7 Ne5 34.Nxe5
dxe5 35.Kd3 Ke7 36.Kc4 Kd7 37.Nd5 h5 38.Kb5 Bf8 39.Nb6+ Kd6 40.Nc4+ Ke6 
41.Kc6 Bb4 42.Nb2 Ba3 43.Nd3 h4 44.Nc5+ Kf6 45.Nd7+ Ke6 46.Nb6 Bb4 47.Nd5 
Be1 48.f3 Ba5 49.Kb5 Bd8 50.Kc5 Ba5 51.Kc6 Bd8 52.Nb4 Be7 1/2-1/2

[Event "Soviet zonal"]
[Site "Lvov URS"]
[Date "1978.04.??"]
[Round "3"]
[White "Savon, Vladimir"]
[Black "Dorfman, Iosif"]
[Result "1/2-1/2"]
[WhiteElo "2560"]
[BlackElo "2550"]
[EventDate "1978.04.04"]
[PlyCount "76"]

1.e4 e5 2.Nf3 Nc6 3.Bb5 a6 4.Ba4 Nf6 5.O-O Be7 6.Re1 b5 7.Bb3 d6 8.c3 O-O 
9.h3 Na5 10.Bc2 c5 11.d4 Nd7 12.Nbd2 cxd4 13.cxd4 Bf6 14.d5 Nb6 15.Nf1 Bd7
16.b3 Nb7 17.Be3 Nc5 18.a4 bxa4 19.b4 Nb3 20.Bxb3 axb3 21.Qxb3 Qb8 22.Rec1
Rc8 23.N1d2 Bd8 24.Ne1 f5 25.exf5 Bxf5 26.Nef3 Bg6 27.Rxc8 Nxc8 28.Qc4 Bf7
29.Rxa6 Rxa6 30.Qxa6 Bxd5 31.Qa4 Bf7 32.Qd7 Qc7 33.Qg4 Nb6 34.Ng5 Bxg5 35.
Bxg5 h5 36.Qg3 Nd5 37.b5 Qc2 38.Qa3 Qf5 1/2-1/2

[Event "Soviet zonal"]
[Site "Lvov URS"]
[Date "1978.04.??"]
[Round "4"]
[White "Bagirov, Vladimir"]
[Black "Kochiev, Alexander"]
[Result "1/2-1/2"]
[WhiteElo "2495"]
[BlackElo "2555"]
[EventDate "1978.04.04"]
[PlyCount "44"]

1.d4 Nf6 2.c4 g6 3.Nc3 Bg7 4.Bg5 O-O 5.e3 d6 6.Be2 Nbd7 7.Nf3 b6 8.Qc2 Bb7
9.Rd1 Re8 10.O-O h6 11.Bh4 e5 12.dxe5 Nxe5 13.Nxe5 Rxe5 14.Nd5 Re6 15.Bf3 
Rb8 16.Rd2 a5 17.h3 g5 18.Bg3 Nd7 19.Bg4 Re8 20.Bf5 Nc5 21.Rfd1 Bc8 22.f3 
Be6 1/2-1/2

[Event "Soviet zonal"]
[Site "Lvov URS"]
[Date "1978.04.??"]
[Round "4"]
[White "Gulko, Boris"]
[Black "Balashov, Yury"]
[Result "1/2-1/2"]
[WhiteElo "2570"]
[BlackElo "2590"]
[EventDate "1978.04.04"]
[PlyCount "67"]

1.c4 Nf6 2.Nc3 e6 3.Nf3 b6 4.e4 Bb7 5.Bd3 c5 6.O-O Nc6 7.e5 Ng4 8.Be4 f5 
9.exf6 Nxf6 10.Bxc6 Bxc6 11.d4 cxd4 12.Nxd4 Bb7 13.Qa4 Qc8 14.Re1 Kf7 15.
Bf4 Bc5 16.Ncb5 Ne8 17.Rad1 a6 18.Nc3 Rf8 19.b4 b5 20.Qb3 Kg8 21.bxc5 Rxf4
22.Qa3 bxc4 23.Na4 Qc7 24.Nb6 Rb8 25.Qg3 Re4 26.Nxd7 Rxe1+ 27.Rxe1 Qxg3 
28.fxg3 Rd8 29.c6 Bxc6 30.Nxc6 Rxd7 31.Rxe6 Nf6 32.Ne5 Rd1+ 33.Kf2 Rd2+ 
34.Kf3 1/2-1/2

[Event "Soviet zonal"]
[Site "Lvov URS"]
[Date "1978.04.??"]
[Round "4"]
[White "Romanishin, Oleg"]
[Black "Smyslov, Vassily"]
[Result "1/2-1/2"]
[WhiteElo "2610"]
[BlackElo "2575"]
[EventDate "1978.04.04"]
[PlyCount "79"]

1.e4 e5 2.Nf3 Nf6 3.d4 exd4 4.e5 Ne4 5.Qxd4 d5 6.exd6 Nxd6 7.Bg5 f6 8.Bf4 
Qe7+ 9.Be2 Nc6 10.Qa4 g5 11.Bxd6 Qxd6 12.Nc3 Qb4 13.Qb5 Bd7 14.O-O-O Qxb5 
15.Bxb5 O-O-O 16.Nd5 g4 17.Nd2 f5 18.Rhe1 a6 19.Bd3 Nb4 20.Nxb4 Bxb4 21.a3
Bc5 22.f4 gxf3 23.Nxf3 f4 24.Ne5 Be3+ 25.Rxe3 fxe3 26.Nf7 Bg4 27.Re1 Rxd3 
28.cxd3 Re8 29.Kc2 Bh5 30.Ng5 Rg8 31.Nxh7 Rxg2+ 32.Kc3 e2 33.Nf6 Bf3 34.h4
Rh2 35.h5 a5 36.Kd2 a4 37.Ne4 Rxh5 38.Ke3 Bxe4 39.dxe4 Rh3+ 40.Kf4 1/2-1/2

[Event "Soviet zonal"]
[Site "Lvov URS"]
[Date "1978.04.??"]
[Round "4"]
[White "Sveshnikov, Evgeny"]
[Black "Savon, Vladimir"]
[Result "1/2-1/2"]
[WhiteElo "2565"]
[BlackElo "2560"]
[EventDate "1978.04.04"]
[PlyCount "70"]

1.e4 c5 2.c3 e6 3.d4 d5 4.e5 Nc6 5.Nf3 Bd7 6.dxc5 Bxc5 7.Bd3 f6 8.b4 Be7 
9.b5 Nxe5 10.Nxe5 fxe5 11.Qh5+ Kf8 12.Qxe5 Bf6 13.Qd6+ Ne7 14.O-O e5 15.
Ba3 Kf7 16.Nd2 Re8 17.Rad1 Bg4 18.Qxd8 Raxd8 19.f3 Be6 20.c4 Nf5 21.cxd5 
Rxd5 22.Bxf5 Bxf5 23.Nc4 Rxd1 24.Rxd1 Kg6 25.Nd6 Rd8 26.Rc1 Rd7 27.Nxf5 
Kxf5 28.Bb4 e4 29.Kf2 exf3 30.Kxf3 Rd3+ 31.Ke2 Rd5 32.Rc5 Ke4 33.Rxd5 Kxd5
34.Kd3 g6 35.h3 h5 1/2-1/2

[Event "Soviet zonal"]
[Site "Lvov URS"]
[Date "1978.04.??"]
[Round "4"]
[White "Tseshkovsky, Vitaly"]
[Black "Vaganian, Rafael"]
[Result "1/2-1/2"]
[WhiteElo "2570"]
[BlackElo "2570"]
[EventDate "1978.04.04"]
[PlyCount "110"]

1.e4 e6 2.d4 d5 3.Nd2 c5 4.exd5 exd5 5.Bb5+ Bd7 6.Qe2+ Be7 7.dxc5 Nf6 8.
Nb3 O-O 9.Be3 Re8 10.Nf3 Bxc5 11.Nxc5 Qa5+ 12.Qd2 Qxb5 13.O-O-O Bg4 14.h3 
Bh5 15.g4 Bg6 16.Nh4 Na6 17.Nxg6 hxg6 18.Nxa6 Qxa6 19.Kb1 Rad8 20.f3 Qc6 
21.Bd4 Re6 22.h4 Nh7 23.g5 Rde8 24.Bc3 Nf8 25.Qd4 f6 26.gxf6 Rxf6 27.Qg4 
d4 28.Qxd4 Qxf3 29.Qxa7 Rf7 30.a3 Re4 31.Qg1 Rg4 32.Qe1 Re4 33.Qd2 Rd7 34.
Qc1 Rxd1 35.Qxd1 Qxd1+ 36.Rxd1 Rxh4 37.Rd8 Rh1+ 38.Ka2 Rf1 39.Rb8 Rf7 40.
Bb4 g5 41.c4 g4 42.Bd6 Rf3 43.Bxf8 Rxf8 44.Rxb7 Rf4 45.c5 Rc4 46.b4 g3 47.
Rd7 g2 48.Rd1 Kf7 49.Kb3 Rg4 50.Rg1 Ke6 51.Kc3 Kd5 52.Kd3 Rg3+ 53.Ke2 Kc4 
54.Rc1+ Kb5 55.Kf2 Rxa3 1/2-1/2

[Event "Soviet zonal"]
[Site "Lvov URS"]
[Date "1978.04.??"]
[Round "5"]
[White "Dorfman, Iosif"]
[Black "Sveshnikov, Evgeny"]
[Result "1-0"]
[WhiteElo "2550"]
[BlackElo "2565"]
[EventDate "1978.04.04"]
[PlyCount "83"]

1.c4 e6 2.d4 d5 3.Nf3 Nf6 4.Bg5 h6 5.Bxf6 Qxf6 6.Nc3 c6 7.e3 Nd7 8.a3 Qd8 
9.Bd3 Be7 10.O-O O-O 11.Rc1 a6 12.Qe2 dxc4 13.Bxc4 b5 14.Ba2 Qb6 15.Ne4 c5
16.dxc5 Nxc5 17.Nxc5 Bxc5 18.Bb1 g6 19.h4 h5 20.Rfd1 Be7 21.Ne5 Bf6 22.Rc6
Qb7 23.Rc5 Qe7 24.Rdc1 Bxe5 25.Rxe5 Bb7 26.Rg5 Rfc8 27.Rxc8+ Rxc8 28.Bxg6 
Kf8 29.Qxh5 Qd6 30.Rg3 fxg6 31.Qh8+ Ke7 32.Qg7+ Kd8 33.Qxb7 Rc4 34.f4 e5 
35.Rg5 Qd2 36.Qb6+ Kd7 37.Kh2 Qe1 38.Qb7+ Kd8 39.Qb8+ Kd7 40.Qb7+ Kd8 41.
Qd5+ Kc8 42.Qe6+ 1-0

[Event "Soviet zonal"]
[Site "Lvov URS"]
[Date "1978.04.??"]
[Round "5"]
[White "Geller, Efim"]
[Black "Kuzmin, Gennady"]
[Result "0-1"]
[WhiteElo "2590"]
[BlackElo "2535"]
[EventDate "1978.04.04"]
[PlyCount "50"]

1.e4 d6 2.d4 Nf6 3.Nc3 g6 4.Nf3 Bg7 5.Be2 O-O 6.O-O Bg4 7.Be3 Nc6 8.Qd2 e5
9.d5 Ne7 10.Rad1 Nd7 11.Ne1 Bxe2 12.Qxe2 f5 13.f4 exf4 14.Bxf4 Bxc3 15.
bxc3 fxe4 16.Qxe4 Nc5 17.Qc4 Qd7 18.Nd3 Qa4 19.Qxa4 Nxa4 20.c4 Rae8 21.
Rde1 Nf5 22.c5 Nc3 23.Rxe8 Rxe8 24.g4 Nd4 25.cxd6 Nde2+ 0-1

[Event "Soviet zonal"]
[Site "Lvov URS"]
[Date "1978.04.??"]
[Round "5"]
[White "Savon, Vladimir"]
[Black "Tseshkovsky, Vitaly"]
[Result "1-0"]
[WhiteElo "2560"]
[BlackElo "2570"]
[EventDate "1978.04.04"]
[PlyCount "121"]

1.Nf3 g6 2.e4 Bg7 3.d4 d6 4.Nbd2 Nf6 5.g3 O-O 6.Bg2 Na6 7.O-O c5 8.e5 Ne8 
9.exd6 Nxd6 10.c3 cxd4 11.Nxd4 Qb6 12.N2b3 e5 13.Nc2 Be6 14.Ne3 Nc7 15.Nd5
Nxd5 16.Bxd5 Nc4 17.Bxe6 Qxe6 18.Qe2 Qc6 19.Be3 Rfd8 20.Bc5 Qe6 21.Rad1 b6
22.Be3 h6 23.Bc1 Kh7 24.Na1 f5 25.f3 Nd6 26.a3 Nf7 27.Nc2 Rac8 28.Kg2 Qc6 
29.Nb4 Qa8 30.Rxd8 Rxd8 31.Rd1 a5 32.Rxd8 Qxd8 33.Nc2 h5 34.Be3 h4 35.Bf2 
hxg3 36.hxg3 Ng5 37.Be3 Ne6 38.Qd2 Qc8 39.Bxb6 f4 40.Bf2 Ng5 41.g4 Bh6 42.
Bh4 Nxf3 43.Kxf3 Qb7+ 44.Kf2 e4 45.g5 Qxb2 46.Qe2 Bf8 47.Qxe4 Qxc3 48.Ne1 
Qd2+ 49.Kf1 Bxa3 50.Nf3 Qd7 51.Bf2 Bb2 52.Qxf4 a4 53.Qh2+ Kg7 54.Qh6+ Kg8 
55.Qxg6+ Bg7 56.Qa6 Qf5 57.Kg2 Qe4 58.Qc8+ Kh7 59.Qd7 Kg6 60.Qd6+ Kh5 61.
Qc7 1-0

[Event "Soviet zonal"]
[Site "Lvov URS"]
[Date "1978.04.??"]
[Round "6"]
[White "Kuzmin, Gennady"]
[Black "Smyslov, Vassily"]
[Result "1-0"]
[WhiteElo "2535"]
[BlackElo "2575"]
[EventDate "1978.04.04"]
[PlyCount "135"]

1.e4 e5 2.Nf3 Nc6 3.Bb5 a6 4.Ba4 Nf6 5.O-O b5 6.Bb3 Be7 7.c3 O-O 8.Re1 d6 
9.h3 Qd7 10.d4 Re8 11.Nbd2 Bf8 12.a3 Nd8 13.Bc2 g6 14.b4 Nh5 15.Bb2 Ne6 
16.Bd3 Bg7 17.Bf1 exd4 18.cxd4 c5 19.a4 Bb7 20.axb5 axb5 21.Qb1 Nxd4 22.
Nxd4 cxd4 23.Nf3 Rxa1 24.Bxa1 Qc6 25.Nxd4 Qb6 26.Qd3 d5 27.Qxb5 Qxb5 28.
Nxb5 Bxa1 29.Rxa1 Rxe4 30.Rb1 Re6 31.Nd4 Rb6 32.b5 Nf6 33.Rc1 Kf8 34.f3 
Ke7 35.Kf2 Kd6 36.Ke3 Nd7 37.Kd2 Ba8 38.Kc3 Rb8 39.Kb4 Bb7 40.Nb3 Re8 41.
Rd1 Ba8 42.Ra1 Bb7 43.h4 h5 44.Rc1 Ba8 45.Nd4 Nb6 46.Ka5 Nc4+ 47.Bxc4 dxc4
48.Rxc4 Bd5 49.Rc2 Ra8+ 50.Kb6 Rb8+ 51.Ka5 Ra8+ 52.Kb4 Ra1 53.Ne2 Rh1 54.
Nf4 Bb7 55.Rd2+ Kc7 56.Rd4 Kb6 57.Rd6+ Ka7 58.Nd3 Rxh4+ 59.Kc3 Kb8 60.Nc5 
Kc7 61.Rd7+ Kb6 62.Nxb7 Kxb5 63.Rxf7 Rh2 64.g3 Kc6 65.Na5+ Kd5 66.Rf6 h4 
67.Nc4 hxg3 68.Kb4 1-0

[Event "Soviet zonal"]
[Site "Lvov URS"]
[Date "1978.04.??"]
[Round "6"]
[White "Tseshkovsky, Vitaly"]
[Black "Dorfman, Iosif"]
[Result "1/2-1/2"]
[WhiteElo "2570"]
[BlackElo "2550"]
[EventDate "1978.04.04"]
[PlyCount "102"]

1.e4 e5 2.Nf3 Nc6 3.Bb5 a6 4.Ba4 Nf6 5.O-O Be7 6.Re1 b5 7.Bb3 O-O 8.c3 d6 
9.h3 Na5 10.Bc2 c5 11.d4 Qc7 12.Nbd2 cxd4 13.cxd4 Nc6 14.a3 Bd7 15.d5 Na5 
16.Nf1 Rfc8 17.Bd3 Bd8 18.Ng3 Qa7 19.Rf1 Bb6 20.Nh4 g6 21.Kh1 Ne8 22.f4 
Rxc1 23.Rxc1 exf4 24.Ne2 Bf2 25.Nf3 Be3 26.Qe1 Bxc1 27.Nxc1 Nc4 28.Bxc4 
bxc4 29.Qh4 Bb5 30.Re1 f6 31.Qxf4 Qf2 32.Ne2 c3 33.bxc3 Bxe2 34.Qd2 Qc5 
35.Rxe2 Qxa3 36.Nd4 Rb8 37.Kh2 Rb1 38.Ne6 Qc1 39.Qxc1 Rxc1 40.Ra2 Rxc3 41.
Rxa6 Nc7 42.Nxc7 Rxc7 43.Kg3 Rd7 44.Ra8+ Kf7 45.Rh8 Kg7 46.Rc8 Re7 47.Kf4 
f5 48.exf5 Re5 49.Rc7+ Kh6 50.g4 g5+ 51.Kf3 Re3+ 1/2-1/2

[Event "Soviet zonal"]
[Site "Lvov URS"]
[Date "1978.04.??"]
[Round "6"]
[White "Tukmakov, Vladimir"]
[Black "Balashov, Yury"]
[Result "1/2-1/2"]
[WhiteElo "2560"]
[BlackElo "2590"]
[EventDate "1978.04.04"]
[PlyCount "30"]

1.d4 e6 2.e4 d5 3.Nd2 c5 4.exd5 exd5 5.Bb5+ Bd7 6.Qe2+ Be7 7.dxc5 Nf6 8.
Nb3 O-O 9.Be3 Re8 10.Nf3 a6 11.Bxd7 Nbxd7 12.O-O Nxc5 13.Rad1 Qc7 14.h3 
Bd6 15.Nxc5 Bxc5 1/2-1/2

[Event "Soviet zonal"]
[Site "Lvov URS"]
[Date "1978.04.??"]
[Round "7"]
[White "Dorfman, Iosif"]
[Black "Gulko, Boris"]
[Result "1/2-1/2"]
[WhiteElo "2550"]
[BlackElo "2570"]
[EventDate "1978.04.04"]
[PlyCount "68"]

1.d4 Nf6 2.c4 g6 3.Nc3 d5 4.Bf4 Bg7 5.e3 c5 6.dxc5 Qa5 7.Rc1 Ne4 8.cxd5 
Nxc3 9.Qd2 Qxa2 10.bxc3 Qa5 11.Bc4 Nd7 12.Ne2 Nxc5 13.O-O b5 14.Ra1 Qb6 
15.Rfb1 Bd7 16.Nd4 Ne4 17.Qd3 Nxf2 18.Kxf2 bxc4 19.Qxc4 Qf6 20.Ra6 Qh4+ 
21.Bg3 Qe4 22.Rxa7 O-O 23.Rbb7 Rxa7 24.Rxa7 Rc8 25.Rc7 Rb8 26.Ne2 Qxc4 27.
Rxc4 Rb2 28.Rb4 Bxc3 29.Rxb2 Bxb2 30.e4 f5 31.exf5 Bxf5 32.Ke3 Kf7 33.Nd4 
Bc1+ 34.Kf3 Bc8 1/2-1/2

[Event "Soviet zonal"]
[Site "Lvov URS"]
[Date "1978.04.??"]
[Round "7"]
[White "Savon, Vladimir"]
[Black "Romanishin, Oleg"]
[Result "1-0"]
[WhiteElo "2560"]
[BlackElo "2610"]
[EventDate "1978.04.04"]
[PlyCount "84"]

1.d4 Nf6 2.c4 e6 3.Nf3 b6 4.g3 Bb4+ 5.Bd2 a5 6.Bg2 O-O 7.O-O Ba6 8.Qc2 d5 
9.Bxb4 axb4 10.Nbd2 Bb7 11.Rfc1 Nc6 12.e3 Ra7 13.cxd5 exd5 14.Bf1 Ba8 15.
a3 Qd6 16.Bb5 bxa3 17.Bxc6 axb2 18.Rxa7 bxc1=Q+ 19.Qxc1 Bxc6 20.Ne5 Bd7 
21.Qxc7 Qxc7 22.Rxc7 Bh3 23.f3 h5 24.Kf2 Rc8 25.Rb7 Rc1 26.Nxf7 Rh1 27.Ng5
Rxh2+ 28.Kg1 Rg2+ 29.Kh1 Ne8 30.Rb8 Kf8 31.Nf1 Rf2 32.Nxh3 Rxf1+ 33.Kg2 
Re1 34.Kf2 Rb1 35.Nf4 Rb2+ 36.Ke1 Rb5 37.Nxh5 Kf7 38.Rb7+ Kg6 39.Nf4+ Kf6 
40.Rd7 g5 41.Nxd5+ Ke6 42.Rd8 Rb1+ 1-0

[Event "Soviet zonal"]
[Site "Lvov URS"]
[Date "1978.04.??"]
[Round "7"]
[White "Vaganian, Rafael"]
[Black "Tukmakov, Vladimir"]
[Result "1/2-1/2"]
[WhiteElo "2570"]
[BlackElo "2560"]
[EventDate "1978.04.04"]
[PlyCount "57"]

1.c4 Nf6 2.Nc3 c5 3.g3 e6 4.Nf3 d5 5.cxd5 Nxd5 6.Bg2 Nc6 7.O-O Be7 8.d4 
O-O 9.e4 Nxc3 10.bxc3 cxd4 11.cxd4 Bf6 12.Bb2 b6 13.e5 Be7 14.Ng5 Bxg5 15.
Bxc6 Rb8 16.Qf3 Qc7 17.Ba3 Be7 18.Rac1 a5 19.Rfd1 Bxa3 20.Qxa3 Bb7 21.Qf3 
Rfd8 22.Bxb7 Qxb7 23.Qxb7 Rxb7 24.d5 exd5 25.Rxd5 Rbb8 26.Rb5 g6 27.Rc4 
Rbc8 28.Rf4 Rc6 29.a4 1/2-1/2

[Event "Soviet zonal"]
[Site "Lvov URS"]
[Date "1978.04.??"]
[Round "8"]
[White "Bagirov, Vladimir"]
[Black "Balashov, Yury"]
[Result "1/2-1/2"]
[WhiteElo "2495"]
[BlackElo "2590"]
[EventDate "1978.04.04"]
[PlyCount "64"]

1.d4 Nf6 2.c4 e6 3.Nf3 b6 4.g3 Bb7 5.Bg2 Be7 6.O-O O-O 7.Nc3 Ne4 8.Qc2 
Nxc3 9.Qxc3 c5 10.Rd1 d6 11.b3 Bf6 12.Bb2 Qc7 13.Qc2 Nd7 14.Rd2 cxd4 15.
Bxd4 Rfd8 16.Rad1 Rac8 17.Qb1 h6 18.Ne1 Bxg2 19.Nxg2 a6 20.Ne3 Be7 21.Qe4 
Nf6 22.Qf3 b5 23.Rc2 Qb8 24.Rdc1 Re8 25.Ng4 Nxg4 26.Qxg4 Bf8 27.Be3 bxc4 
28.Rxc4 d5 29.Rc6 Rxc6 30.Rxc6 Qb5 31.Rc2 Qb7 32.Qd4 Rc8 1/2-1/2

[Event "Soviet zonal"]
[Site "Lvov URS"]
[Date "1978.04.??"]
[Round "8"]
[White "Gulko, Boris"]
[Black "Sveshnikov, Evgeny"]
[Result "1/2-1/2"]
[WhiteElo "2570"]
[BlackElo "2565"]
[EventDate "1978.04.04"]
[PlyCount "57"]

1.d4 d5 2.c4 e6 3.Nf3 Nf6 4.g3 dxc4 5.Bg2 a6 6.O-O b5 7.Ne5 Nd5 8.Nc3 Bb4 
9.Nxd5 exd5 10.e4 O-O 11.a3 Bd6 12.exd5 f6 13.Nc6 Nxc6 14.dxc6 Bf5 15.Qf3 
Bd3 16.Re1 f5 17.Qd5+ Kh8 18.Re6 h6 19.a4 Rb8 20.axb5 Rxb5 21.Qf3 f4 22.
gxf4 Rbf5 23.d5 Bxf4 24.Bxf4 Rxf4 25.Qe3 Rxf2 26.Qxf2 Rxf2 27.Kxf2 Qb8 28.
Kg3 Bf5 29.Re2 1/2-1/2

[Event "Soviet zonal"]
[Site "Lvov URS"]
[Date "1978.04.??"]
[Round "8"]
[White "Kuzmin, Gennady"]
[Black "Vaganian, Rafael"]
[Result "1/2-1/2"]
[WhiteElo "2535"]
[BlackElo "2570"]
[EventDate "1978.04.04"]
[PlyCount "23"]

1.e4 e6 2.d4 d5 3.Nc3 Bb4 4.Bd3 dxe4 5.Bxe4 Nf6 6.Bf3 Nc6 7.Ne2 e5 8.O-O 
Nxd4 9.Nxd4 exd4 10.Nb5 c6 11.Qxd4 Qxd4 12.Nxd4 1/2-1/2

[Event "Soviet zonal"]
[Site "Lvov URS"]
[Date "1978.04.??"]
[Round "8"]
[White "Romanishin, Oleg"]
[Black "Dorfman, Iosif"]
[Result "1-0"]
[WhiteElo "2610"]
[BlackElo "2550"]
[EventDate "1978.04.04"]
[PlyCount "117"]

1.Nf3 Nf6 2.c4 c6 3.g3 d5 4.Bg2 dxc4 5.a4 Be6 6.O-O Bd5 7.Nc3 e6 8.Qc2 
Bxf3 9.Bxf3 Nbd7 10.a5 a6 11.Qa4 Bd6 12.Bg2 O-O 13.Qxc4 Bc7 14.b4 Nd5 15.
e4 Ne5 16.Qb3 Nf6 17.Na4 Nd3 18.Nc5 Nxc1 19.Raxc1 Rb8 20.d4 Nd7 21.Na4 Bd6
22.e5 Be7 23.Qc3 Re8 24.f4 Nf8 25.Qc4 Ng6 26.Nb6 Bf8 27.f5 exf5 28.Rxf5 
Qe7 29.Rcf1 Nh8 30.d5 Qxb4 31.d6 Qxc4 32.Nxc4 g6 33.R5f2 Bg7 34.Re2 g5 35.
Rd1 Rbd8 36.Bh3 Ng6 37.e6 fxe6 38.Bxe6+ Kh8 39.d7 Re7 40.Nd6 Rdxd7 41.Nf7+
Rxf7 42.Rxd7 Rxd7 43.Bxd7 Bc3 44.Bc8 Bxa5 45.Bxb7 c5 46.Ra2 Bc3 47.Rxa6 g4
48.Be4 Bd4+ 49.Kf1 Kg7 50.Ra7+ Kh6 51.Ke2 Bg1 52.Rd7 Nf8 53.Rd5 Ng6 54.Bf5
Ne7 55.Rd6+ Kg7 56.Bxh7 Kxh7 57.Rd7 Kg6 58.Rxe7 Kf5 59.Rf7+ 1-0

[Event "Soviet zonal"]
[Site "Lvov URS"]
[Date "1978.04.??"]
[Round "9"]
[White "Dorfman, Iosif"]
[Black "Tukmakov, Vladimir"]
[Result "1/2-1/2"]
[WhiteElo "2550"]
[BlackElo "2560"]
[EventDate "1978.04.04"]
[PlyCount "79"]

1.e4 c5 2.Nf3 d6 3.d4 cxd4 4.Nxd4 Nf6 5.Nc3 a6 6.Bc4 e6 7.Bb3 b5 8.O-O Be7
9.a4 b4 10.Na2 O-O 11.Nxb4 Qb6 12.c3 a5 13.Nd3 Nxe4 14.Nf4 Na6 15.Bc2 Nf6 
16.Be3 Qb7 17.Nh5 Nxh5 18.Qxh5 g6 19.Qh6 Bf6 20.Nf3 Bg7 21.Qh4 Qxb2 22.
Rfc1 Qb8 23.Ng5 h6 24.Nh3 e5 25.g4 Nc5 26.Bxh6 Ne6 27.Be4 Ra7 28.Rab1 Qc7 
29.Bd5 Qe7 30.Bg5 Qd7 31.Be3 Qe7 32.Qxe7 Rxe7 33.f3 Nc7 34.Bb3 Be6 35.Rd1 
e4 36.Bxe6 Nxe6 37.Rxd6 exf3 38.Kf2 Bxc3 39.Kxf3 Bb4 40.Rd3 1/2-1/2

[Event "Soviet zonal"]
[Site "Lvov URS"]
[Date "1978.04.??"]
[Round "9"]
[White "Savon, Vladimir"]
[Black "Kuzmin, Gennady"]
[Result "1/2-1/2"]
[WhiteElo "2560"]
[BlackElo "2535"]
[EventDate "1978.04.04"]
[PlyCount "33"]

1.d4 Nf6 2.c4 e6 3.Nf3 b6 4.g3 Bb7 5.Bg2 Be7 6.O-O O-O 7.Nc3 Ne4 8.Qc2 
Nxc3 9.Qxc3 c5 10.Be3 d6 11.Rad1 Nd7 12.Ne1 Bxg2 13.Nxg2 Nf6 14.Qd3 Rc8 
15.b3 Qc7 16.Bg5 cxd4 17.Qxd4 1/2-1/2

[Event "Soviet zonal"]
[Site "Lvov URS"]
[Date "1978.04.??"]
[Round "9"]
[White "Tseshkovsky, Vitaly"]
[Black "Gulko, Boris"]
[Result "1/2-1/2"]
[WhiteElo "2570"]
[BlackElo "2570"]
[EventDate "1978.04.04"]
[PlyCount "82"]

1.e4 e6 2.d4 d5 3.Nd2 c5 4.exd5 exd5 5.Bb5+ Nc6 6.Ne2 Nf6 7.O-O Be7 8.dxc5
Bxc5 9.Nb3 Be7 10.Nbd4 Bd7 11.Ng3 Nxd4 12.Bxd7+ Qxd7 13.Qxd4 O-O 14.Qd3 
Rac8 15.Nf5 Bc5 16.Bh6 Ne4 17.Qh3 Nd6 18.Nxg7 Qxh3 19.gxh3 Kh8 20.Nh5 Rg8+
21.Kh1 Ne4 22.Bf4 Rg6 23.Bg3 Rb6 24.Rad1 Be7 25.Rxd5 Rxc2 26.Re1 Re6 27.
Be5+ f6 28.Rxe4 fxe5 29.Rdxe5 Rxe5 30.Rxe5 Bf8 31.f4 Rxb2 32.Ra5 a6 33.Rd5
Rxa2 34.Rd8 Kg8 35.Rd7 Bc5 36.Nf6+ Kf8 37.Nxh7+ Ke8 38.Nf6+ Kf8 39.Nh7+ 
Ke8 40.Nf6+ Kf8 41.Rxb7 Bd6 1/2-1/2

[Event "Soviet zonal"]
[Site "Lvov URS"]
[Date "1978.04.??"]
[Round "9"]
[White "Vaganian, Rafael"]
[Black "Bagirov, Vladimir"]
[Result "1/2-1/2"]
[WhiteElo "2570"]
[BlackElo "2495"]
[EventDate "1978.04.04"]
[PlyCount "81"]

1.c4 Nf6 2.Nf3 c6 3.g3 d5 4.Bg2 g6 5.Qa4 Bg7 6.cxd5 Nxd5 7.O-O O-O 8.d4 
Bg4 9.Nbd2 Qc8 10.e4 Nb6 11.Qa3 Re8 12.b4 N8d7 13.Qb3 Be6 14.Qd3 h6 15.a4 
a5 16.Bb2 Qd8 17.Qc3 axb4 18.Qxb4 Nc8 19.Rfc1 Qa5 20.Qxa5 Rxa5 21.Bc3 Ra7 
22.d5 cxd5 23.Nd4 Nd6 24.Nxe6 fxe6 25.exd5 exd5 26.Bxd5+ Kh7 27.Bxg7 Kxg7 
28.Ne4 Nxe4 29.Bxe4 Nf6 30.Bf3 Rd8 31.Rcb1 Rd7 32.Rb5 Ne8 33.Rb4 Rc7 34.
Re1 Nd6 35.h4 Ra5 36.Reb1 Kf6 37.Kg2 g5 38.hxg5+ hxg5 39.R1b3 Rcc5 40.Be2 
Re5 41.Bd3 1/2-1/2

[Event "Soviet zonal"]
[Site "Lvov URS"]
[Date "1978.04.??"]
[Round "10"]
[White "Bagirov, Vladimir"]
[Black "Savon, Vladimir"]
[Result "1/2-1/2"]
[WhiteElo "2495"]
[BlackElo "2560"]
[EventDate "1978.04.04"]
[PlyCount "35"]

1.d4 Nf6 2.c4 g6 3.Nc3 d5 4.Nf3 Bg7 5.e3 O-O 6.b4 c6 7.Bb2 Ne4 8.Rc1 Bg4 
9.Be2 Nd7 10.cxd5 Nxc3 11.Bxc3 cxd5 12.b5 Nb6 13.Bb4 Qd7 14.O-O Nc4 15.Qb3
Rac8 16.Rc2 Rfe8 17.a4 Bf5 18.Rcc1 1/2-1/2

[Event "Soviet zonal"]
[Site "Lvov URS"]
[Date "1978.04.??"]
[Round "10"]
[White "Kochiev, Alexander"]
[Black "Vaganian, Rafael"]
[Result "1/2-1/2"]
[WhiteElo "2555"]
[BlackElo "2570"]
[EventDate "1978.04.04"]
[PlyCount "30"]

1.e4 e6 2.d4 d5 3.Nd2 c5 4.exd5 exd5 5.Bb5+ Bd7 6.Qe2+ Qe7 7.Qxe7+ Bxe7 8.
Bxd7+ Nxd7 9.dxc5 Nxc5 10.Nb3 Nf6 11.Nf3 O-O 12.Be3 Rac8 13.Nxc5 Bxc5 14.
Bxc5 Rxc5 15.O-O-O Rfc8 1/2-1/2

[Event "Soviet zonal"]
[Site "Lvov URS"]
[Date "1978.04.??"]
[Round "11"]
[White "Gulko, Boris"]
[Black "Romanishin, Oleg"]
[Result "0-1"]
[WhiteElo "2570"]
[BlackElo "2610"]
[EventDate "1978.04.04"]
[PlyCount "160"]

1.e4 e5 2.Nf3 Nc6 3.Bb5 a6 4.Ba4 Nf6 5.O-O Be7 6.Re1 b5 7.Bb3 d6 8.c3 O-O 
9.d4 Bg4 10.Be3 Bh5 11.h3 Re8 12.Nbd2 Bf8 13.d5 Na5 14.Bc2 Rc8 15.b4 Nb7 
16.a4 c6 17.axb5 axb5 18.Ra7 Qc7 19.dxc6 Qxc6 20.c4 Re7 21.Bd3 bxc4 22.
Nxc4 h6 23.Nb6 Rb8 24.Qc1 Qxc1 25.Rxc1 Nc5 26.Rxe7 Nxd3 27.Rc8 Rxc8 28.
Nxc8 Bxe7 29.Nxe7+ Kf8 30.Nf5 Bxf3 31.gxf3 Nxb4 32.Nxd6 Nd3 33.Nc4 Ke7 34.
Bd2 Nh5 35.Ne3 Ke6 36.Nd5 Nf6 37.Nxf6 Kxf6 38.Kg2 Kg6 39.Kg3 f5 40.exf5+ 
Kxf5 41.Be3 Ne1 42.Bd2 Nc2 43.Bc1 Nd4 44.Be3 Ne2+ 45.Kg2 h5 46.h4 Ke6 47.
Bg5 Kd5 48.Be7 Nd4 49.Bd8 Nf5 50.Kf1 Nd4 51.Kg2 Ne6 52.Be7 Kc4 53.Bd6 Kd4 
54.Be7 Kd5 55.Kg3 Nd4 56.Bd8 Nf5+ 57.Kh3 Kd4 58.Bc7 e4 59.fxe4 Kxe4 60.Bb6
Kf3 61.Bc5 g6 62.Bb6 Nd6 63.Kh2 Nc4 64.Bd4 Nd2 65.Bb6 Kg4 66.Bd8 Nf3+ 67.
Kg2 Nxh4+ 68.Kh2 Nf3+ 69.Kg2 h4 70.Bc7 h3+ 71.Kf1 g5 72.Bd8 Kf5 73.Bc7 g4 
74.Bb8 Ke4 75.Bc7 Nd4 76.Bb8 Kf3 77.Bc7 Ne2 78.Bh2 Nc3 79.Bb8 Ne4 80.Kg1 
Nxf2 0-1